000 00585nam a2200205Ia 4500
005 20250508155733.0
008 008 250505s9999 xx 000 0 eng d
037 _aTextual
040 _aFEDL
_beng
_cFEDL
041 _aeng
_2eng
084 _a370, OEC
_qFEDL
245 0 _aManagement of innovation in education
245 0 _cOrganisation for eco co-operation development
260 _c1968
300 _a67p.
490 _aOrganisation for Economic Co-Operation and Development
650 _aEducation
942 _cTEXL
_h370, OEC
999 _c1359031
_d1359031